La empresa y el desarrollo agropecuario en américa latina (Registro nro. 3070)

Detalles MARC
000 -LEADER
fixed length control field 00935 a2200193 4500
001 - CONTROL NUMBER
control field 39606
005 - DATE AND TIME OF LATEST TRANSACTION
control field 20260407155653.0
008 - FIXED-LENGTH DATA ELEMENTS--GENERAL INFORMATION
fixed length control field 260407a arg spa d
003 - CONTROL NUMBER IDENTIFIER
control field AR-UNSa-BCEJYS
040 ## - CATALOGING SOURCE
Original cataloging agency AR-UNSa-BCEJYS
Language of cataloging spa
Transcribing agency AR-UNSa-BCEJYS
080 ## - UNIVERSAL DECIMAL CLASSIFICATION NUMBER
Universal Decimal Classification number 658:631.1
Common auxiliary subdivision Administración de empresas agropecuarias(maquinarias, etc.)
100 1# - MAIN ENTRY--PERSONAL NAME
Personal name Rozsavolgyi, Henri
245 10 - TITLE STATEMENT
Title La empresa y el desarrollo agropecuario en américa latina
264 #1 - PRODUCTION, PUBLICATION, DISTRIBUTION, MANUFACTURE, AND COPYRIGHT NOTICE
Place of production, publication, distribution, manufacture Buenos Aires :
Name of producer, publisher, distributor, manufacturer Paidós
300 ## - PHYSICAL DESCRIPTION
Extent 104 p.
Dimensions 23 cm.
505 ## - FORMATTED CONTENTS NOTE
Formatted contents note 1. Para acelerar el desarrollo agropecuario - 2. Objetivos y métodos de la administración de empresas en la agricultura - 3. El análisis técnico-económico de las empresas como instrumento de la política agraria - 4. Equipos integrados como catalizadores del desarrollo agropecuario - 5. La formación económica de los agricultores y técnicos.
590 ## - LOCAL NOTE (RLIN)
Local note niveau_biblio:m niveau_hierar:0
942 ## - ADDED ENTRY ELEMENTS (KOHA)
Koha item type
Existencias
Withdrawn status Lost status Damaged status Not for loan Home library Current library Shelving location Date acquired Total checkouts Full call number Barcode Date last seen Price effective from Koha item type
        Biblioteca Prof. Eusebio Cleto del Rey Biblioteca Prof. Eusebio Cleto del Rey   07/04/2026   658:631.1 R893 L23812 07/04/2026 07/04/2026 Libro